Länder, die diese Regionen teilen #6 - Statistiken

Allgemein
  • Dieses Quiz wurde 174 mal gespielt
  • Das Durchschnittsergebnis liegt bei 21 aus 28
Antwortstatistiken
Region Land % Korrekt
Arabische Halbinsel Saudi Arabien
95%
Arabische Halbinsel Oman
92%
Mazedonien (Region) Serbien
92%
Mazedonien (Region) Albanien
91%
Mazedonien (Region) Griechenland
91%
Arabische Halbinsel Jemen
91%
Arabische Halbinsel Katar
91%
Mazedonien (Region) Nord Mazedonien
91%
Horn von Afrika Somalia
91%
Arabische Halbinsel Vereinigte Arabische Emirate
91%
Horn von Afrika Äthiopien
89%
Mazedonien (Region) Kosovo
89%
Horn von Afrika Eritrea
87%
Arabische Halbinsel Kuwait
87%
Arabische Halbinsel Bahrain
86%
Mazedonien (Region) Bulgarien
86%
Horn von Afrika Dschibuti
84%
Atlas (Gebirge) Algerien
77%
Atlas (Gebirge) Marokko
74%
Kurische Nehrung Russland
71%
Rhodesien Simbabwe
68%
Atlas (Gebirge) Tunesien
68%
Rhodesien Sambia
61%
Kurische Nehrung Litauen
54%
Mrima Kenia
44%
Mrima Tansania
41%
Mrima Mosambik
38%
Mrima Komoren
9%
Keine übereinstimmenden Quizze gefunden
Verteilung der Resultate
Anzahl Personen mit jedem Resultat
Perzentil nach korrekt beantworteten Fragen
Ihre Resultats-Entwicklung
Sie haben dieses Quiz noch nicht gespielt